| 000 | 00681nam a22001817a 4500 | ||
|---|---|---|---|
| 008 | 151121b xxu||||| |||| 00| 0 eng d | ||
| 020 | _a9780137028788 | ||
| 082 |
_aDC 371.1024 _bR432 |
||
| 245 |
_aResearch - based strategies for improving outcomes in behavior/ _cKathleen Lynne Lane, Bryan G. Cook, and Melody Tankersley |
||
| 260 |
_aBoston: _bPearson Education, Inc., _cc2013. |
||
| 300 |
_aviii, 136 pages; _billustrations; _c27.5 cm. |
||
| 500 | _aIncludes bibliographical references and index. | ||
| 650 | 0 |
_9589 _aSchool discipline |
|
| 650 | 0 |
_9592 _aSchool violence |
|
| 650 | 0 |
_9591 _aProblem children _xBehavior modification |
|
| 365 |
_b4, 017.00 _cPhp |
||
| 942 |
_2ddc _cBK |
||
| 999 |
_c270 _d270 |
||